<?xml version="1.0" encoding="UTF-8"?>
<collection xmlns="http://www.loc.gov/MARC21/slim">
 <record>
  <leader>00879pamaa2200205   4500</leader>
  <controlfield tag="001">0000044496</controlfield>
  <controlfield tag="005">20130314090000.0</controlfield>
  <controlfield tag="008">130314s1982                             eng  </controlfield>
  <datafield tag="020" ind1="0" ind2="0">
   <subfield code="a">0671418157 </subfield>
  </datafield>
  <datafield tag="090" ind1="0" ind2="0">
   <subfield code="a">PE1628 </subfield>
   <subfield code="b">WEB 1981</subfield>
  </datafield>
  <datafield tag="245" ind1="1" ind2="0">
   <subfield code="a">Webster's new world dictionary  </subfield>
   <subfield code="c">David B. Guralnik, editor in chief.</subfield>
  </datafield>
  <datafield tag="250" ind1="0" ind2="0">
   <subfield code="a">Student edition.</subfield>
  </datafield>
  <datafield tag="260" ind1="0" ind2="0">
   <subfield code="a">New York, N.Y.: </subfield>
   <subfield code="b">Simon and Schuster, </subfield>
   <subfield code="c">1981.</subfield>
  </datafield>
  <datafield tag="300" ind1=" " ind2=" ">
   <subfield code="a">ixi, 1130 p.: </subfield>
   <subfield code="b">ill.; </subfield>
   <subfield code="c">24 cm.</subfield>
  </datafield>
  <datafield tag="500" ind1="0" ind2="0">
   <subfield code="a">&quot;Based on and includes material from Webster's new world dictionary, second college edition&quot;--Verso of t.p.</subfield>
  </datafield>
  <datafield tag="500" ind1="0" ind2="0">
   <subfield code="a">Includes the commonly used words that make up the basic vocabulary of English, as well as some specialized terms, abbreviations, and foreign words and phrases</subfield>
  </datafield>
  <datafield tag="501" ind1="0" ind2="0">
   <subfield code="a">Library</subfield>
  </datafield>
  <datafield tag="650" ind1="0" ind2="0">
   <subfield code="a">English language -- </subfield>
   <subfield code="x">Dictionaries </subfield>
  </datafield>
  <datafield tag="700" ind1="1" ind2="1">
   <subfield code="a">Guralnik, </subfield>
   <subfield code="h">David B. </subfield>
  </datafield>
  <datafield tag="901" ind1=" " ind2=" ">
   <subfield code="u">http://www.prenhall.com</subfield>
  </datafield>
 </record>
</collection>
